[Event "Mexican op 55th"]
[Site "Toluca"]
[Date "2009.04.08"]
[Round "1"]
[White "Rivera, Edwardo"]
[Black "Hernandez Guerrero, Gilberto Eduardo"]
[Result "0-1"]
[WhiteElo "2045"]
[BlackElo "2543"]
[PlyCount "77"]
[EventDate "2009.04.07"]
[EventType "swiss"]
[EventRounds "9"]
[EventCountry "MEX"]
[SourceTitle "CBM 129 Extra"]
[Source "ChessBase"]
[SourceDate "2009.05.05"]
[SourceVersion "2"]
[SourceVersionDate "2009.05.20"]
[SourceQuality "1"]

1. e4 c5 2. Nf3 Nc6 3. d4 cxd4 4. Nxd4 Nf6 5. Nc3 d6 6. Bc4 Qb6 7. Nb3 e6 8. 0-0 Be7 9. Be3 Qc7 10. Qe2 a6 11. a4 b6 12. f4 0-0 13. Kh1 Re8 14. Rae1 Bb7 15. Bd3 Nb4 16. Qf2 Ng4 17. Qf3 Nxe3 18. Qxe3 Rac8 19. Nd2 h6 20. Nf3 Qc5 21. Qd2 Red8 22. Rc1 Bf6 23. Nd1 Nxd3 24. Qxd3 Qc4 25. Qxc4 Rxc4 26. b3 Rxe4 27. Nd2 Re2 28. Rf2 Re1+ 29. Rf1 Rxf1+ 30. Nxf1 Rc8 31. Nde3 d5 32. Rd1 b5 33. axb5 axb5 34. Rd2 Bc3 35. Rf2 Ra8 36. h3 Ra1 37. Kh2 d4 38. Ng4 f6 39. Kg1 0-1